Perceptions of Human Creativity and Freedom/ (Record no. 190193)

MARC details
000 -LEADER
fixed length control field 00524nam a22001817a 4500
005 - DATE AND TIME OF LATEST TRANSACTION
control field 20220720123123.0
010 ## - LCCN (DPL NO)
LC control number ENG-133718
020 ## - INTERNATIONAL STANDARD BOOK NUMBER
Terms of availability 200.00
035 ## - SYSTEM CONTROL NUMBER
System control number EN-117250
037 ## - SOURCE OF ACQUISITION
Source of stock number/acquisition DBAD/PUB
082 ## - DEWEY DECIMAL CLASSIFICATION NUMBER
Classification number 152.7
100 ## - MAIN ENTRY--PERSONAL NAME
Personal name Saxena, Lakshmi
245 ## - TITLE STATEMENT
Title Perceptions of Human Creativity and Freedom/
Statement of responsibility, etc Lakshmi Saxena
260 ## - PUBLICATION, DISTRIBUTION, ETC. (IMPRINT)
Place of publication, distribution, etc Gorakhpur
Name of publisher, distributor, etc Lokayat Prakashan
Date of publication, distribution, etc 1999
270 ## - ADDRESS
Address M.I.G. 137 Raptinagar Phase-I
City Gorakhpur
Postal code 273003
300 ## - PHYSICAL DESCRIPTION
Extent 168p.
Dimensions 21cm(hbk)
942 ## - ADDED ENTRY ELEMENTS (KOHA)
Source of classification or shelving scheme Dewey Decimal Classification
Item type English Books
Classification part 152.7
Call number suffix SAX
Holdings
Withdrawn status Lost status Not for loan Collection code Home library Current library Date acquired Source of acquisition Cost, normal purchase price Full call number Barcode Copy number Cost, replacement price Koha item type
      Non-fiction Bawana Bawana 20/07/2022 DBAD/PUB 200.00 152.7 SAX EN-117250 1 200.00 English Books

© Delhi Public Library
Hit Counter
free hit counter